Wszystkie miasta S3 i DK3 - Statystyki

Ogólne statystyki
  • Ten quiz został rozwiązany 10 razy
    7 od ostatniego zresetowania
  • Średni wynik to 12 z 19
Statystyki odpowiedzi
Województwo Liczba mieszkańców Odpowiedź % Poprawnych
Zachodniopomorskie 38 700 Świnoujście
100%
Zachodniopomorskie 386 700 Szczecin
100%
Lubuskie 106 600 Gorzów Wielkopolski
83%
Lubuskie 138 900 Zielona Góra
83%
Zachodniopomorskie 19 700 Goleniów
67%
Dolnośląskie 20 400 Jawor
67%
Dolnośląskie 91 300 Legnica
67%
Dolnośląskie 70 800 Lubin
67%
Lubuskie 36 000 Nowa Sól
67%
Dolnośląskie 21 500 Polkowice
67%
Lubuskie 21 300 Świebodzin
67%
Dolnośląskie 18 700 Kamienna Góra
50%
Zachodniopomorskie 6400 Międzyzdroje
50%
Lubuskie 2700 Nowe Miasteczko
50%
Zachodniopomorskie 1300 Wolin
50%
Dolnośląskie 5600 Lubawka
33%
Lubuskie 17 100 Międzyrzecz
33%
Lubuskie 9100 Skwierzyna
33%
Lubuskie 15 700 Sulechów
33%
Nie znaleziono quizów pasujących do podanych kryteriów
Rozkład punktacji
Procent ludzi z każdym wynikiem
Percentyl według liczby udzielonych odpowiedzi
Twoja historia wyników
Nie rozwiązałeś tego quizu od ostatniego zresetowania